[Event "Match"]
[Site "www.echecsemail.com"]
[Date "2017.02.19"]
[Round "1"]
[White "Sivalen"]
[Black "Billyg"]
[WhiteElo "1499"]
[BlackElo "1710"]
[Result "0-1"]
[Round "1"]
1.e4 e5
2.d3 h6
3.Qd1f3 c6
4.Nb1c3 Bf8b4
5.Bc1d2 b5
6.O-O-O Ng8f6
7.Ng1e2 d5
8.exd5 O-O
 { time }
0-1

[Event "Tourn. n9238"]
[Site "www.chess-mail.com"]
[Date "2017.02.20"]
[Round "1"]
[White "Orhany24"]
[Black "Bojan"]
[WhiteElo "2240"]
[BlackElo "2030"]
[Result "0-1"]
[Round "1"]
1.e4 e5
2.Ng1f3 Nb8c6
3.Bf1c4 h6
4.O-O Qd8f6
5.c3 Nc6a5
6.Bc4b5 c6
7.Bb5a4 b5
8.Ba4c2 d6
9.d4 Bc8g4
10.h3 Bg4xf3
11.Qd1xf3 Qf6xf3
12.gxf3 Ng8f6
13.b3 Nf6h5
14.Kg2 Ra8d8
15.Bc1e3 f6
16.Nb1d2 a6
17.c4 exd4
18.Be3xd4 Nh5f4
19.Kh2 Kf7
20.Bd4b6 Na5b7
21.Bb6xd8 Nb7xd8
22.Rf1e1 g5
23.Nd2f1 Nd8e6
24.Ra1d1 c5
25.Rd1xd6 Bf8xd6
{ resign }
0-1

[Event "Tourn. n9152"]
[Site "www.chess-mail.com"]
[Date "2017.02.20"]
[Round "1"]
[White "Genius3"]
[Black "Estonia"]
[WhiteElo "1850"]
[BlackElo "2070"]
[Result "0-1"]
[Round "1"]
1.d4 Ng8f6
2.Bc1f4 d5
3.e3 c5
4.c3 e6
5.Ng1f3 Nb8c6
6.Bf1b5 Bc8d7
7.Bb5xc6 Bd7xc6
8.O-O Bf8d6
9.Bf4xd6 Qd8xd6
10.Nb1d2 O-O-O
11.Nf3e5 Rh8f8
12.Nd2f3 c4
13.b3 Nf6d7
14.bxc4 Nd7xe5
15.Nf3xe5 dxc4
16.Ne5xc4 Qd6e7
17.Nc4e5 Qe7c7
18.Ne5xc6 Qc7xc6
19.Qd1b3 Rd8d5
20.e4 Rd5g5
21.f3 h5
22.Rf1d1 a5
23.c4 h4
24.d5 Qc6c5
25.Kh1 Qc5f2
26.Rd1g1 exd5
27.cxd5 h3
28.Ra1c1 Kb8
29.Rc1c2 hxg2
{ resign }
0-1

[Event "Tourn. n9191"]
[Site "www.chess-mail.com"]
[Date "2017.02.20"]
[Round "1"]
[White "Vasylpuzanov"]
[Black "Balbyns"]
[WhiteElo "1450"]
[BlackElo "1519"]
[Result "1-0"]
[Round "1"]
1.e4 e5
2.f4 exf4
3.Ng1f3 d6
4.d4 Ng8f6
5.Bf1d3 Bc8g4
6.Bc1xf4 Nb8d7
7.O-O Bf8e7
8.h3 Nf6h5
9.Bf4h2 Bg4xf3
10.Qd1xf3 Nh5f6
11.Nb1c3 c6
12.e5 dxe5
13.dxe5 Nd7xe5
14.Bh2xe5 Qd8b6
15.Kh1 Qb6xb2
16.Ra1e1 Qb2b4
17.Be5xf6 gxf6
18.Qf3xf6 O-O-O
19.Re1xe7 Rh8f8
20.Rf1b1 { resign }
1-0

[Event "Tourn. n9227"]
[Site "www.chess-mail.com"]
[Date "2017.02.20"]
[Round "1"]
[White "Bojan"]
[Black "Yaw1"]
[WhiteElo "2050"]
[BlackElo "2149"]
[Result "1-0"]
[Round "1"]
1.e4 g5
2.d4 e6
3.Bf1e2 c5
4.d5 e5
5.Ng1f3 f6
6.c3 Qd8c7
7.Qd1a4 a6
8.h3 b5
9.Be2xb5 Qc7b7
10.Bb5e2 Bf8d6
11.Nf3h2 Ng8e7
12.Be2h5 Ne7g6
13.Nh2g4 Kf7
14.Nb1d2 Bd6c7
15.h4 gxh4
16.Rh1xh4 Kg7
17.Bh5xg6 Kxg6
18.Rh4h6 Kg7
19.Rh6xf6 h5
20.Rf6f5 hxg4
21.Rf5g5 Kf6
22.Rg5xg4 d6
23.Rg4g3 Bc8d7
24.Qa4d1 Rh8h1
25.Nd2f1 Qb7b5
26.Qd1f3 Ke7
27.Rg3g7 Kd8
28.Rg7g8 Bd7e8
29.Qf3e2 Qb5d7
30.b3 Bc7a5
31.Bc1d2 Qd7f7
32.Rg8g3  { time }
1-0

[Event "Tourn. n9044"]
[Site "www.chess-mail.com"]
[Date "2017.02.20"]
[Round "1"]
[White "Nulladies"]
[Black "Ditto"]
[WhiteElo "1850"]
[BlackElo "1780"]
[Result "1-0"]
[Round "1"]
1.d4 d5
2.Bc1f4 Ng8f6
3.Ng1f3 Bc8g4
4.e3 e6
5.Bf1e2 Bf8b4
6.c3 Bb4a5
7.Nf3e5 Bg4f5
8.Qd1a4 Nb8d7
9.Qa4xa5 O-O
10.O-O b6
11.Qa5a4 Bf5e4
12.f3 Be4f5
13.Nb1d2 Nf6h5
14.Ne5xd7 Rf8e8
15.g4 Nh5xf4
16.exf4 Bf5g6
17.Nd7e5 Re8f8
18.Ne5xg6 fxg6
19.c4 Qd8d6
20.cxd5 exd5
21.Ra1c1 a5
22.Qa4c6 Qd6xf4
23.Qc6e6 Kh8
24.Rf1d1 Ra8e8
25.Qe6xd5 Re8xe2
26.Nd2f1 Qf4f6
27.Rd1d2 Re2e6
28.Rd2f2 Re6d6
29.Qd5b3 Rd6xd4
30.Qb3c3 Qf6f4
31.Qc3xc7 Qf4f6
32.Rc1c4 Rd4d1
33.Kg2 Rd1d8
34.Nf1g3 h6
35.Ng3e4 Qf6e6
36.Rc4c6 Qe6d5
37.Qc7xb6 a4
38.Rf2d2 Qd5f7
39.Rd2f2 g5
40.Kg3 Qf7f4
41.Kg2 Qf4f7
42.b4 Rd8b8
43.Qb6c7 Qf7d5
44.Rc6c5 Qd5d4
45.Rc5c4 Qd4d3
46.Rc4c3 Qd3d5
47.Rf2d2 Qd5b5
48.a3 Qb5e8
{ time. }
1-0

[Event "Tourn. n9159"]
[Site "www.chess-mail.com"]
[Date "2017.02.20"]
[Round "1"]
[White "Winston"]
[Black "Nulladies"]
[WhiteElo "1650"]
[BlackElo "1760"]
[Result "1-0"]
[Round "1"]
1.e4 c5
2.Ng1f3 g6
3.d4 cxd4
4.Nf3xd4 Bf8g7
5.Nb1c3 Nb8c6
6.Bc1e3 Ng8f6
7.Bf1e2 O-O
8.Nd4xc6 bxc6
9.O-O d5
10.exd5 cxd5
11.Be2f3 e6
12.Qd1d2 Qd8a5
13.Be3h6 Bc8b7
14.Bh6xg7 Kxg7
15.Qd2d4 Ra8c8
16.Rf1c1 Rf8e8
17.Nc3e2 Qa5d8
18.Qd4xa7 Qd8c7
19.Ne2c3 Rc8a8
20.Qa7d4 Ra8d8
21.a4 e5
22.Qd4b4 e4
23.Bf3e2 Bb7c8
24.Rc1d1 Qc7b7
25.Qb4xb7 Bc8xb7
26.Be2b5 Re8e6
27.Nc3e2 Bb7c6
28.Ne2d4 Re6d6
29.Bb5xc6 Nf6g8
30.b4 Ng8e7
31.b5 Ne7xc6
32.Nd4xc6 Rd8c8
33.c4 d4
34.Rd1xd4 Rd6xd4
35.Nc6xd4 Rc8xc4
36.b6 Rc4xd4
37.b7 Rd4b4
38.a5 Rb4xb7
39.a6 Rb7a7
40.Kf1 f5
41.Ke2 Kf6
42.Ke3 Ke5
43.Ra1a5 Ke6
44.Kf4 Kd6
45.g4 Kc6
46.gxf5 Kb6
47.Ra5a3 Ra7xa6
48.Ra3xa6 Kxa6
49.fxg6 hxg6
50.Kxe4 { resign }
1-0

[Event "Tourn. n9174"]
[Site "www.chess-mail.com"]
[Date "2017.02.20"]
[Round "1"]
[White "Osopanda"]
[Black "Rovaniaina"]
[WhiteElo "1950"]
[BlackElo "1919"]
[Result "1-0"]
[Round "1"]
1.d4 e6
2.e4 d5
3.e5 Ng8e7
4.f4 Ne7f5
5.Ng1f3 Bf8b4
6.c3 Bb4a5
7.Bf1d3 Nf5xd4
8.Nf3xd4 c5
9.Nd4f3 O-O
10.O-O c4
11.Bd3c2 Ba5b6
12.Kh1 Nb8c6
13.Qd1e2 f5
14.Bc1e3 d4
15.cxd4 Bb6xd4
16.Nf3xd4 Nc6xd4
17.Be3xd4 Qd8xd4
18.Nb1c3 Qd4c5
19.Ra1d1 b5
{ time. }
1-0

[Event "Tourn. n9213"]
[Site "www.chess-mail.com"]
[Date "2017.02.20"]
[Round "1"]
[White "Paulsyd"]
[Black "Bitcoin"]
[WhiteElo "1839"]
[BlackElo "1809"]
[Result "1/2-1/2"]
[Round "1"]
1.e4 e5
2.Ng1f3 Nb8c6
3.Bf1b5 a6
4.Bb5a4 Bf8e7
5.O-O Ng8f6
6.Rf1e1 b5
7.Ba4b3 O-O
8.d4 Nc6xd4
9.Bb3xf7 Kxf7
10.Nf3xe5 Kg8
11.Qd1xd4 Bc8b7
12.Nb1c3 c5
13.Qd4d1 b4
14.Nc3d5 Nf6xd5
15.exd5 Be7d6
16.f4 Qd8c7
17.c4 bxc3
18.bxc3 c4
19.Ra1b1 Ra8e8
20.Bc1e3 Bb7a8
21.Qd1d4 Bd6xe5
22.fxe5 Re8xe5
23.Qd4c5 Qc7c8
24.Be3d4 Re5xd5
25.Qc5e7 Rf8f7
26.Qe7e8 Rf7f8
27.Qe8xc8 Rf8xc8
28.h4 Rd5d6
29.g4 Ba8f3
30.g5 Bf3g4
{ draw }
1/2-1/2

[Event "Tourn. n9168"]
[Site "www.chess-mail.com"]
[Date "2017.02.20"]
[Round "1"]
[White "Genius9"]
[Black "Redabond"]
[WhiteElo "1610"]
[BlackElo "1640"]
[Result "1-0"]
[Round "1"]
1.d4 d5
2.c4 Ng8f6
3.cxd5 Qd8xd5
4.Nb1c3 Qd5d8
5.e4 e6
6.a3 Nb8c6
7.Bc1e3 e5
8.d5 Nc6e7
9.Ng1f3 Nf6g4
10.Be3d2 c6
11.dxc6 Ne7xc6
12.Bf1b5 Bc8d7
13.O-O a6
14.Bb5xc6 Bd7xc6
15.Qd1e2 Bf8c5
16.Bd2g5 f6
17.Bg5h4 g5
18.Bh4g3 Qd8b6
19.b4 Bc5d4
20.Nf3xd4 Qb6xd4
21.Ra1c1 O-O-O
22.Nc3d5 Kb8
23.h3 Bc6xd5
24.exd5 Rd8xd5
25.Rf1d1 Qd4b2
26.Qe2xb2 { resign }
1-0

[Event "Tourn. n9236"]
[Site "www.chess-mail.com"]
[Date "2017.02.20"]
[Round "1"]
[White "Bojan"]
[Black "Panham"]
[WhiteElo "2020"]
[BlackElo "2130"]
[Result "0-1"]
[Round "1"]
1.e4 e5
2.Ng1f3 Nb8c6
3.Bf1c4 Ng8f6
4.a3 Nf6xe4
5.Qd1e2 Ne4f6
6.Nf3xe5 Nc6xe5
7.d4 d5
8.Qe2xe5 Bc8e6
9.Bc4d3 Bf8d6
10.Qe5e2 O-O
11.h3 Rf8e8
12.Bc1e3 c6
13.Nb1c3 Qd8d7
14.O-O Be6xh3
15.f3 Bh3f5
16.Bd3xf5 Qd7xf5
17.Qe2f2 Qf5h5
18.g3 Bd6xg3
19.Qf2xg3 Re8xe3
20.Rf1f2 Ra8e8
21.Ra1f1 Re3e1
22.Rf2g2 Re1xf1
23.Kxf1 Qh5h6
24.Nc3e2 g6
25.Ne2f4 Nf6h5
26.Nf4xh5 Qh6c1
27.Kf2 Qc1e1
{ resign }
0-1

[Event "Tourn. n9217"]
[Site "www.chess-mail.com"]
[Date "2017.02.20"]
[Round "1"]
[White "Autmich"]
[Black "Cal"]
[WhiteElo "1690"]
[BlackElo "1640"]
[Result "1-0"]
[Round "1"]
1.e4 e5
2.Ng1f3 d6
3.d4 exd4
4.Nf3xd4 c5
5.Nd4f3 h6
6.Nb1c3 a6
7.Bc1f4 Ng8f6
8.e5 dxe5
9.Qd1xd8 Kxd8
10.Nf3xe5 Bc8e6
11.O-O-O Bf8d6
12.Rd1xd6 Ke7
13.Ne5f3 Nb8c6
14.Bf1e2 Nc6d4
15.Nf3xd4 cxd4
16.Rd6xd4 g5
17.Bf4e5 Rh8d8
18.Rh1d1 Rd8xd4
19.Rd1xd4 b5
20.Be2f3 Nf6d7
21.Rd4xd7 Kxd7
22.Bf3xa8 b4
23.Nc3e4 Be6xa2
24.b3 Ke6
25.Be5g7 Kf5
26.Bg7xh6 a5
27.Kb2 a4
28.Kxa2 g4
29.bxa4 Kg6
30.Bh6e3 f5
31.Ne4c5 { resign }
1-0

[Event "Tourn. n9166"]
[Site "www.chess-mail.com"]
[Date "2017.02.20"]
[Round "1"]
[White "Actmy"]
[Black "Rovaniaina"]
[WhiteElo "2040"]
[BlackElo "1919"]
[Result "1-0"]
[Round "1"]
1.Ng1f3 g6
2.g3 Bf8g7
3.Bf1g2 e5
4.d3 d6
5.O-O Ng8f6
6.c4 e4
7.Nf3d4 O-O
8.dxe4 c5
9.Nd4b3 Nb8c6
10.Bc1f4 Nc6e5
11.Bf4xe5 dxe5
12.Qd1xd8 Rf8xd8
13.Nb3xc5 Nf6d7
14.Nc5d3 Nd7b6
15.b3 Bc8e6
16.Nb1c3 Ra8c8
17.Ra1c1 f5
18.exf5 Be6xf5
19.Nc3d5 Rd8d7
20.e4 Nb6xd5
21.cxd5 Rc8xc1
{ time. }
1-0

[Event "Tourn. n9248"]
[Site "www.chess-mail.com"]
[Date "2017.02.20"]
[Round "1"]
[White "Autmich"]
[Black "Caspito"]
[WhiteElo "1670"]
[BlackElo "1870"]
[Result "1-0"]
[Round "1"]
1.e4 e5
2.Ng1f3 Nb8c6
3.Bf1c4 h6
4.d4 Qd8f6
5.Bc1e3 g5
6.Nb1c3 g4
7.Nc3d5 Qf6d6
8.dxe5 Nc6xe5
9.Nf3xe5 Qd6xe5
10.Qd1d4 Bf8d6
11.O-O-O c6
12.Nd5c3 Qe5xd4
13.Be3xd4 f6
14.Bc4xg8 Rh8xg8
15.Bd4xf6 Bd6f4
16.Kb1 Kf7
17.e5 h5
18.g3 Bf4g5
19.Rd1d6 b5
20.Rh1d1 a5
21.Nc3e4 Bg5h6
22.Ne4c5 Bh6f8
23.Nc5xd7 Bf8xd6
24.Rd1xd6 Rg8e8
25.Nd7b6 Ra8a7
26.Rd6xc6 Bc8b7
27.Rc6c7 Kg6
28.Nb6d7 Kf5
29.Nd7c5 Re8c8
30.Rc7xb7 Ra7xb7
31.Nc5xb7 Rc8c7
32.Nb7xa5 Rc7d7
33.Kc1 { resign }
1-0

[Event "Tourn. n9236"]
[Site "www.chess-mail.com"]
[Date "2017.02.20"]
[Round "1"]
[White "Norlavuaram"]
[Black "Panham"]
[WhiteElo "2180"]
[BlackElo "2130"]
[Result "1-0"]
[Round "1"]
1.e4 e6
2.d4 d5
3.Nb1d2 Ng8f6
4.e5 Nf6d7
5.Bf1d3 c5
6.c3 Nb8c6
7.Ng1e2 cxd4
8.cxd4 Bf8b4
9.O-O O-O
10.a3 Bb4e7
11.b4 f6
12.f4 fxe5
13.fxe5 b6
14.Bc1b2 Bc8b7
15.Rf1xf8 Qd8xf8
16.Nd2f3 a6
17.Qd1d2 b5
18.Ra1f1 Qf8d8
19.Ne2f4 Nd7f8
20.Qd2f2 Qd8d7
21.Qf2g3 Nc6d8
22.Nf4h5 Nf8g6
23.Bd3xg6 hxg6
24.Qg3xg6 { resign }
1-0

[Event "Tourn. n9105"]
[Site "www.chess-mail.com"]
[Date "2017.02.20"]
[Round "1"]
[White "Falcoale"]
[Black "Ditto"]
[WhiteElo "1930"]
[BlackElo "1840"]
[Result "1-0"]
[Round "1"]
1.e4 e5
2.Ng1f3 Nb8c6
3.b3 Ng8f6
4.d3 Bf8b4
5.c3 Bb4e7
6.Bc1b2 O-O
7.Bf1e2 Be7c5
8.Qd1c2 d6
9.O-O Bc8e6
10.Nb1d2 d5
11.Ra1d1 dxe4
12.dxe4 Be6g4
13.h3 Bg4h5
14.Be2b5 Nc6e7
15.Bb5e2 Bh5g6
16.Nf3xe5 Bc5d6
17.Ne5f3 Ne7c6
18.Be2d3 Rf8e8
19.Rf1e1 a6
20.Nf3d4 Nc6e5
21.Nd4f3 Ra8b8
22.Nf3xe5 Re8xe5
{ time. }
1-0

[Event "Tourn. n9258"]
[Site "www.chess-mail.com"]
[Date "2017.02.20"]
[Round "1"]
[White "Guidom"]
[Black "Bojan"]
[WhiteElo "2100"]
[BlackElo "2000"]
[Result "0-1"]
[Round "1"]
1.e4 g6
2.d4 d6
3.c4 Bf8g7
4.Nb1c3 e5
5.dxe5 Bg7xe5
6.Qd1c2 Bc8e6
7.Ng1f3 Be5g7
8.Bf1e2 Nb8c6
9.a3 h6
10.O-O Nc6e5
11.Nf3xe5 Bg7xe5
12.f4 Be5d4
13.Kh1 a6
14.f5 Be6d7
15.fxg6 fxg6
16.e5 Ng8e7
17.exd6 cxd6
18.Nc3d5 Bd7f5
19.Be2d3 Rh8f8
20.Bc1xh6 Rf8f7
21.Nd5xe7 Kxe7
22.Bd3xf5 gxf5
23.Ra1e1 Kd7
24.Rf1xf5 Rf7e7
25.Re1f1 Qd8b6
26.b4 Ra8e8
27.c5 Qb6c6
28.Bh6g5 Re7e2
29.Rf5f7 Kc8
30.Qc2f5 Kb8
31.cxd6 Qc6xg2
{ resign }
0-1

[Event "Tourn. n9145"]
[Site "www.chess-mail.com"]
[Date "2017.02.20"]
[Round "1"]
[White "Passaroa25"]
[Black "Autmich"]
[WhiteElo "1610"]
[BlackElo "1630"]
[Result "0-1"]
[Round "1"]
1.e4 c5
2.c3 Nb8c6
3.Ng1e2 d6
4.Ne2g3 Ng8f6
5.d3 e5
6.f3 Bf8e7
7.Nb1d2 O-O
8.Bf1e2 Bc8e6
9.O-O d5
10.Nd2b3 Qd8c7
11.Bc1e3 d4
12.Be3f2 Rf8d8
13.Bf2e1 a5
14.Nb3d2 b5
15.Be1f2 a4
16.a3 dxc3
17.bxc3 b4
18.Nd2b1 b3
19.Qd1d2 Ra8b8
20.c4 Be6xc4
21.Ng3f5 b2
22.Nf5xe7 Qc7xe7
23.Nb1c3 bxa1R
24.Rf1xa1 Nc6a5
25.Nc3xa4 Na5b3
26.Qd2d1 Nb3xa1
27.Qd1xa1 Bc4xd3
28.Bf2xc5 Qe7d7
29.Kf2 Qd7xa4
30.Qa1d1 Qa4xd1
31.Be2xd1 Bd3xe4
32.fxe4 Rd8xd1
33.Kf3 Rb8b3
34.Bc5e3 Rd1d3
35.Ke2 Rd3xe3
36.Kd2 Nf6xe4
37.Kc2 Rb3c3
38.Kd1 Rc3xa3
39.g4 Ra3a2
40.Kc1 Re3e1

0-1

[Event "Tourn. n9097"]
[Site "www.chess-mail.com"]
[Date "2017.02.20"]
[Round "1"]
[White "Ejner"]
[Black "Seger"]
[WhiteElo "2400"]
[BlackElo "2820"]
[Result "0-1"]
[Round "1"]
1.d4 Ng8f6
2.c4 e6
3.Ng1f3 b6
4.g3 Bc8a6
5.Qd1c2 c5
6.d5 exd5
7.cxd5 Ba6b7
8.Bf1g2 Nf6xd5
9.O-O Nb8c6
10.Qc2e4 Nd5e7
11.Rf1d1 d5
12.Qe4h4 d4
13.e3 Qd8d7
14.exd4 Nc6xd4
15.Nf3xd4 Bb7xg2
16.Kxg2 O-O-O
17.Qh4e4 Qd7b7
18.Qe4xb7 Kxb7
19.Bc1e3 Ne7c6
20.Nd4xc6 Rd8xd1
21.Nc6e5 g6
22.a4 Bf8g7
23.Ne5c4 Rh8d8
24.Kf3 Rd1h1
25.Nc4d2 Rd8xd2
{ resign }
0-1

[Event "Tourn. n9185"]
[Site "www.chess-mail.com"]
[Date "2017.02.20"]
[Round "1"]
[White "Paaliaq"]
[Black "Ejner"]
[WhiteElo "2660"]
[BlackElo "2370"]
[Result "1-0"]
[Round "1"]
1.d4 d5
2.c4 c6
3.Ng1f3 Ng8f6
4.e3 Bc8f5
5.Nb1c3 e6
6.Nf3h4 Bf5e4
7.f3 Be4g6
8.Qd1b3 Qd8b6
9.Nh4xg6 hxg6
10.Bf1d3 Nb8d7
11.Bc1d2 Qb6xb3
12.axb3 Bf8d6
13.c5 Bd6c7
14.b4 Ke7
15.b5 Bc7xh2
16.Kf2 Rh8h7
17.g3 Ra8h8
18.Kg2 { resign }
1-0

[Event "Tourn. n9115"]
[Site "www.chess-mail.com"]
[Date "2017.02.20"]
[Round "1"]
[White "Paulsyd"]
[Black "Mihaiiorga"]
[WhiteElo "1949"]
[BlackElo "1199"]
[Result "1/2-1/2"]
[Round "1"]
1.e4 c5
2.Ng1f3 e6
3.d4 cxd4
4.Nf3xd4 a6
5.Bf1d3 Nb8c6
6.Nd4xc6 dxc6
7.Nb1d2 Ng8f6
8.e5 Nf6d7
9.f4 Nd7c5
10.Bd3e2 Bf8e7
11.Nd2c4 O-O
12.Bc1e3 Qd8c7
13.Nc4d6 b6
14.Qd1d4 Rf8d8
15.Ra1d1 a5
16.O-O Qc7b8
17.a3 Bc8a6
18.Be2xa6 Ra8xa6
19.f5 exf5
20.Qd4f4 Be7xd6
21.Qf4xf5 Ra6a7
22.exd6 Nc5e6
23.Be3f2 Rd8d7
24.Bf2g3 b5
25.Bg3e5 Qb8b6
26.Kh1 Qb6d8
27.Rd1d3 Qd8g5
28.Qf5xg5 Ne6xg5
29.Rf1e1 f5
{ draw }
1/2-1/2

[Event "Match"]
[Site "www.echecsemail.com"]
[Date "2017.02.20"]
[Round "1"]
[White "Yaw1"]
[Black "Chapi"]
[WhiteElo "1809"]
[BlackElo "2080"]
[Result "0-1"]
[Round "1"]
1.c4 g6
2.Nb1c3 Bf8g7
3.d4 Ng8f6
4.Ng1f3 O-O
5.b4 d6
6.h3 b6
7.e4 Bc8b7
8.Bf1d3 c5
9.b5 a6
10.O-O axb5
11.Nc3xb5 Nf6xe4
12.Bd3xe4 Bb7xe4
13.Nf3g5 Be4f5
14.Qd1f3 Ra8a4
15.Qf3b3 Ra4a6
 { time }
0-1

[Event "Match"]
[Site "www.echecsemail.com"]
[Date "2017.02.20"]
[Round "1"]
[White "Ztornad"]
[Black "Micheles"]
[WhiteElo "1730"]
[BlackElo "2580"]
[Result "0-1"]
[Round "1"]
1.e4 c6
2.b3 d5
3.e5 Bc8f5
4.d3 Nb8d7
5.f4 e6
6.Bc1e3 Bf8c5
7.Be3xc5 Nd7xc5
8.d4 Nc5e4
9.Qd1f3 Ra8c8
10.Ng1e2 Ng8h6
11.Ne2c3 Bf5g4
12.Qf3e3 Qd8a5
13.a3 Nh6f5
14.Qe3d3 Qa5b6
15.Nc3xe4 dxe4
16.Qd3c3 Nf5xd4
17.Bf1c4 Rc8d8
18.Nb1d2 Nd4xc2
19.Qc3xc2 Qb6e3
20.Kf1 Rd8xd2
21.Qc2xd2 Qe3xd2
22.Ra1e1 Qd2xf4
23.Kg1 Qf4d2
24.Re1f1 b5
25.h3 Qd2d4
26.Rf1f2 e3
27.hxg4 exf2
28.Kh2 bxc4
29.bxc4 Qd4xc4
30.a4 Qc4xg4
31.g3 Qg4h5
32.Kg2 Qh5xh1
33.Kxf2 Ke7
34.Ke3 Rh8d8
35.Kf4 Rd8d4
36.Kg5 Qh1h6
{ resign }
0-1

[Event "Match"]
[Site "www.echecsemail.com"]
[Date "2017.02.20"]
[Round "1"]
[White "Arerax"]
[Black "Mikecze"]
[WhiteElo "1499"]
[BlackElo "1499"]
[Result "0-1"]
[Round "1"]
1.e4 d6
2.d4 f6
3.c3 e5
4.Nb1d2 exd4
5.cxd4 Nb8c6
6.d5 Nc6e5
7.b3 c6
8.dxc6 bxc6
9.Bc1b2 d5
10.exd5 cxd5
11.Bb2xe5 fxe5
12.Qd1h5 g6
13.Qh5xe5 Qd8e7
14.Nd2f3 Bf8g7
15.Qe5xe7 Ng8xe7
16.O-O-O O-O
17.Ng1h3 Rf8d8
18.Nh3g5 Ne7f5
19.Ng5e6 Bc8xe6
20.Nf3g5 Be6c8
21.g4 Nf5h6
22.h3 Rd8d6
23.Bf1g2 Bc8a6
24.Rh1e1 Ra8c8
25.Kb1 d4
26.Rd1c1 Rd6d8
27.Rc1xc8 Rd8xc8
28.Ng5e6 Bg7h8
29.Re1d1 d3
30.Bg2f1 Rc8c2
31.Bf1xd3 Rc2b2
32.Kc1 Ba6b7
33.f4 Rb2xa2
34.g5 Nh6f7
35.Bd3c4 Bb7e4
36.Ne6d8 Ra2c2
37.Kb1 Rc2xc4
38.Ka2 Rc4c2
39.Ka3 Nf7xd8
40.Rd1xd8 Kg7
41.Rd8d7 Kg8
42.Rd7xa7 Bh8d4
43.Ra7a4 Bd4c5
44.b4 Rc2c3
45.Kb2 Be4c6
46.bxc5 Bc6xa4
47.Kxc3 Kf7
48.Kd4 Ke6
49.Ke4 Ba4c6
50.Kd4 Kf5
51.Ke3 Bc6e4
52.h4 Be4c6
53.h5 gxh5
54.g6 hxg6
55.Kd4 Kxf4
56.Kc4 h4
57.Kd3 h3
58.Ke2 h2
{ resign }
0-1

[Event "Match"]
[Site "www.echecsemail.com"]
[Date "2017.02.20"]
[Round "1"]
[White "Pinehill"]
[Black "Ditto"]
[WhiteElo "2050"]
[BlackElo "1840"]
[Result "1-0"]
[Round "1"]
1.e4 e5
2.d4 exd4
3.Bf1c4 Nb8c6
4.Ng1f3 Bf8c5
5.O-O d6
6.c3 dxc3
7.Nb1xc3 Bc8g4
8.Bc4xf7 Kxf7
9.Nf3g5 Qd8xg5
10.Qd1b3 Bg4e6
11.Qb3xb7 Qg5d8
12.Qb7xc6 Ng8e7
13.Qc6a4 Rh8f8
14.Bc1g5 Kg8
15.Nc3d5 Be6xd5
16.exd5 Rf8f5
17.Qa4h4 Rf5f7
18.Ra1e1 Ne7g6
19.Bg5xd8 Ng6xh4
20.Bd8xh4 Ra8b8
21.b3 h6
22.Re1e7 Rb8c8
23.Rf1e1 g5
24.Bh4g3 h5
25.h4 g4
26.Re7xf7 Kxf7
27.Re1e6 Rc8b8
28.Re6h6 Rb8b4
29.Rh6xh5 Rb4d4
30.Rh5f5 Kg6
31.Rf5g5 Kh6
32.Rg5f5 Kg6
33.Rf5g5 Kh6
34.Kh2 Rd4e4
{ time. }
1-0

[Event "Match"]
[Site "www.echecsemail.com"]
[Date "2017.02.20"]
[Round "1"]
[White "Cal"]
[Black "Raulazo"]
[WhiteElo "1640"]
[BlackElo "1830"]
[Result "0-1"]
[Round "1"]
1.Ng1f3 Nb8c6
2.d4 d5
3.e3 Bc8f5
4.a3 Qd8c8
5.Nb1c3 Ng8f6
6.Bf1d3 g6
7.h3 Bf8g7
8.b4 O-O
9.O-O a6
10.Bc1b2 b5
11.Nc3e2 Bf5xh3
12.Ne2f4 Bh3g4
13.c3 Bg4xf3
14.Qd1xf3 Bg7h6
15.Qf3g3 Bh6xf4
16.Qg3xf4 Nf6h5
17.Qf4g5 f6
18.Qg5h6 Qc8g4
19.Bb2c1 Nc6d8
20.Ra1a2 Nd8f7
21.f3 Qg4h4
22.e4 Nf7xh6
23.Bc1xh6 Rf8e8
24.exd5 g5
25.Ra2f2 Nh5g3
26.Rf2d2 Qh4xh6
27.Rf1f2 Qh6h1
{ resign }
0-1

[Event "Match"]
[Site "www.echecsemail.com"]
[Date "2017.02.20"]
[Round "1"]
[White "Llord"]
[Black "Yaw1"]
[WhiteElo "1970"]
[BlackElo "1809"]
[Result "1-0"]
[Round "1"]
1.e4 g6
2.d4 b6
3.Ng1f3 Bf8g7
4.e5 Bc8b7
5.Bf1e2 d5
6.exd6 exd6
7.O-O Nb8c6
8.Be2b5 Ng8e7
9.d5 Ne7xd5
10.Qd1xd5 Qd8d7
11.Rf1e1 Kd8
12.Bc1g5  { time }
1-0

[Event "Match"]
[Site "www.echecsemail.com"]
[Date "2017.02.20"]
[Round "1"]
[White "Yoj"]
[Black "Ericleo1980"]
[WhiteElo "1809"]
[BlackElo "2170"]
[Result "0-1"]
[Round "1"]
1.g4 d5
2.f4 e5
3.d3 Qd8h4
4.Kd2 Bc8xg4
5.c3 exf4
6.h3 Bg4h5
7.Qd1b3 Nb8d7
8.Qb3xb7 Ra8b8
9.Qb7xc7 Bf8c5
10.d4 Bc5b6
11.Qc7d6 Qh4f2
12.Qd6xd5 Qf2xf1
13.Qd5xh5 Qf1g2
14.Qh5f3 Qg2g6
 { time }
0-1

[Event "Match"]
[Site "www.echecsemail.com"]
[Date "2017.02.20"]
[Round "1"]
[White "Yaw1"]
[Black "Aiko1603"]
[WhiteElo "1809"]
[BlackElo "1860"]
[Result "0-1"]
[Round "1"]
1.e4 c5
2.f4 Nb8c6
3.Ng1f3 g6
4.Bf1c4 e6
5.d4 cxd4
6.Nf3xd4 Bf8g7
7.Nd4b5 d5
8.exd5 exd5
9.Bc4xd5 Ng8e7
10.Nb5d6 Qd8xd6
11.Bd5xf7 Kd7
12.Qd1g4 Kc7
13.Qg4g3 Ne7f5
14.Qg3b3 Qd6e7
15.Kf2 Nf5d4
16.Qb3c4 Nd4xc2
17.Nb1c3 Bg7xc3
18.Qc4xc3 Bc8f5
19.Bf7d5 Ra8d8
20.Bd5xc6 bxc6
21.Qc3a5 Kb8
22.Ra1b1 Rd8d5
23.Qa5c3 Qe7c5
24.Qc3xc5 Rd5xc5
25.b4 Rc5c4
26.g3 Nc2xb4
27.Rb1b2 Kc7
28.Ke3 Rh8e8
29.Kf3 Bf5e4
30.Kg4 Be4xh1
31.Rb2d2 Rc4xc1
 { time }
0-1

[Event "Fast Game"]
[Site "www.echecsemail.com"]
[Date "2017.02.20"]
[Round "1"]
[White "Yaw1"]
[Black "Cal"]
[WhiteElo "1599"]
[BlackElo "1680"]
[Result "0-1"]
[Round "1"]
1.Ng1f3 Nb8c6
2.c4 e5
3.Qd1c2 Ng8f6
4.e3 a6
5.a3 b6
6.Nb1c3 Bf8c5
7.b4 Bc5e7
8.Bc1b2 d6
9.h3 h6
10.Bf1e2 Bc8b7
11.O-O-O b5
12.cxb5 axb5
13.Be2xb5 O-O
14.d3 Nc6a7
15.Bb5a4 c6
16.e4 Na7c8
17.Ba4b3 Nf6h5
18.Nc3e2 Bb7a6
19.Qc2xc6 Nc8a7
20.Qc6xa6 Qd8d7
21.Bb3c4 Na7c6
22.Qa6b5 Qd7c7
23.g4 Nh5f6
24.Ne2g3 Rf8b8
25.Bc4xf7 Kxf7
26.Qb5c4 Kg6
27.Nf3h4 Kh7
28.Kd2 Qc7b6
29.Rh1f1 Nc6d8
30.Nh4f5 Rb8c8
31.Qc4b3 Qb6b5
32.Nf5xe7 Nd8c6
33.Ne7xc8 Ra8xc8
 { time }
0-1

[Event "Tourn. n9249"]
[Site "www.chess-mail.com"]
[Date "2017.02.21"]
[Round "1"]
[White "Luban"]
[Black "Norlavuaram"]
[WhiteElo "2130"]
[BlackElo "2090"]
[Result "1-0"]
[Round "1"]
1.d4 Ng8f6
2.c4 e6
3.a3 c5
4.e3 cxd4
5.exd4 d6
6.Ng1f3 Bf8e7
7.h3 O-O
8.Bc1e3 Bc8d7
9.Nb1c3 Nb8c6
10.Bf1e2 a6
11.O-O Ra8c8
12.b4 d5
13.c5 Qd8c7
14.Nc3a4 e5
15.dxe5 Nc6xe5
16.Nf3xe5 Qc7xe5
17.Na4b6 Rc8d8
18.Be3d4 Qe5c7
19.Bd4xf6 Be7xf6
20.Nb6xd5 Qc7e5
21.Nd5xf6 Qe5xf6
22.Qd1c2 Bd7c6
23.f3 Qf6g5
24.Ra1d1 Rd8e8
25.Be2d3 h6
26.Kh1 Re8e3
27.Rd1e1 Rf8e8
28.Re1xe3 Qg5xe3
29.a4 Re8e5
30.Qc2c3 Re5g5
31.Bd3h7 Kxh7
32.Qc3xe3 { resign }
1-0

[Event "Tourn. n9241"]
[Site "www.chess-mail.com"]
[Date "2017.02.21"]
[Round "1"]
[White "Falcoale"]
[Black "Libiesse"]
[WhiteElo "1940"]
[BlackElo "1830"]
[Result "1/2-1/2"]
[Round "1"]
1.e4 e5
2.Ng1f3 Nb8c6
3.c3 Ng8f6
4.Bf1d3 Bf8c5
5.O-O O-O
6.b4 Bc5b6
7.Bc1b2 d6
8.h3 Bc8e6
9.Bd3c2 Qd8d7
10.Nf3g5 Ra8e8
11.d4 exd4
12.cxd4 Be6c4
{ draw }
1/2-1/2

[Event "Tourn. n9226"]
[Site "www.chess-mail.com"]
[Date "2017.02.21"]
[Round "1"]
[White "Pdebonis"]
[Black "Yaw1"]
[WhiteElo "2430"]
[BlackElo "2259"]
[Result "1-0"]
[Round "1"]
1.d4 e6
2.c4 Ng8f6
3.Ng1f3 a5
4.Nb1c3 c6
5.e4 Bf8b4
6.e5 Nf6e4
7.Qd1c2 Ne4xc3
8.bxc3 Bb4e7
9.Ra1b1 O-O
10.Bf1d3 g6
11.h4 f5
12.exf6  { time }
1-0

[Event "Tourn. n9244"]
[Site "www.chess-mail.com"]
[Date "2017.02.21"]
[Round "1"]
[White "Luban"]
[Black "Norlavuaram"]
[WhiteElo "2130"]
[BlackElo "2130"]
[Result "1-0"]
[Round "1"]
1.d4 Ng8f6
2.c4 e6
3.a3 c5
4.e3 cxd4
5.exd4 d6
6.Ng1f3 Bf8e7
7.h3 O-O
8.Bc1e3 Bc8d7
9.Nb1c3 a6
10.Bf1d3 Nb8c6
11.b4 Ra8c8
12.O-O d5
13.c5 Qd8c7
14.Nc3a4 Rc8b8
15.Na4b6 e5
16.dxe5 Nc6xe5
17.Nf3xe5 Qc7xe5
18.Be3d4 Qe5c7
19.Bd4xf6 Be7xf6
20.Nb6xd5 Qc7e5
21.Nd5xf6 Qe5xf6
22.Bd3xh7 Kxh7
23.Qd1xd7 Rf8d8
24.Qd7g4 Rd8d2
25.Ra1d1 Rb8d8
26.Rd1xd2 Rd8xd2
27.Qg4e4 g6
28.Qe4xb7 Rd2a2
29.c6 Ra2c2
30.c7 Qf6c6
31.c8Q Qc6xc8
32.Qb7xf7 Kh6
33.Rf1e1 Qc8c3
34.Qf7f4 Kg7
35.Re1e7 { resign }
1-0